Henri cimer-PLK - Statistiques

Statistiques générales
  • Ce quiz a été pris 18 fois
  • Le résultat moyen est 218 sur 500
Statistiques - réponses
% Correct
Henri
93%
Jardin
80%
Je
80%
Le
80%
D
73%
Dans
73%
Du
73%
Il
73%
La
73%
Mon
73%
A
67%
De
67%
D’hiver
67%
D’la
67%
Et
67%
Les
67%
Mais
67%
Pousser
67%
Son
67%
Avec
60%
Ça
60%
Des
60%
Maman
60%
Que
60%
Soleil
60%
T’es
60%
Tes
60%
Tu
60%
Vert
60%
Beuh
53%
Henri cimer
53%
J’écoute
53%
J’voudrais
53%
Maison
53%
Mer
53%
Moi
53%
Paris
53%
Pour
53%
Un
53%
Voudrais
53%
Au
47%
Autre
47%
Bord
47%
Capuche
47%
Crois
47%
D’été
47%
Doute
47%
Est
47%
Faut
47%
Fou
47%
Histoire
47%
Ils
47%
J’écoutais
47%
J’me
47%
J’veux
47%
J’y
47%
L’avion
47%
L’été
47%
L’hiver
47%
Même
47%
On
47%
Ou
47%
Pas
47%
Photos
47%
Prendre
47%
Prenne
47%
P’tit
47%
Qui
47%
Régalé
47%
Smoke
47%
Sons
47%
Sont
47%
Sur
47%
Tête
47%
Une
47%
Ami
40%
Bats
40%
Bédo
40%
Blondes
40%
Carrera
40%
Cause
40%
C’est
40%
Comme
40%
Content
40%
Couilles
40%
Dentelles
40%
Devenu
40%
Elle
40%
Faire
40%
Fait
40%
Ferais
40%
Foot
40%
Foudre
40%
Fuck
40%
Grand
40%
Hallucinèrent
40%
Hauteur
40%
Helico
40%
J’ai
40%
J’étais
40%
J’m’en
40%
Loin
40%
M’aérer
40%
Marque
40%
Mes
40%
M’faut
40%
Pavillon
40%
Piscine
40%
Plaire
40%
Polak
40%
P’tite
40%
Qu’j’ai
40%
Qu’mamie
40%
Rapides
40%
Reufs
40%
Rêvé
40%
Secret
40%
Si
40%
Souvent
40%
Stade
40%
Tempête
40%
Te-shi
40%
Trop
40%
Y’a
40%
Affaire
33%
Autres
33%
Bateau
33%
Calme
33%
Dit
33%
Donc
33%
Écoute
33%
Enfermez
33%
Equipes
33%
Etre
33%
Galéré
33%
Gérer
33%
Grimacer
33%
GT3 RS
33%
J’emmerde
33%
La vie
33%
Lieu
33%
Lois
33%
Magasins
33%
Monté
33%
Monter
33%
Ondes
33%
Ouais
33%
Peut
33%
Plus
33%
Potes
33%
Qu’elles
33%
Qu’j’bombarde
33%
Qu’on
33%
Radars
33%
Rockeur
33%
Sa
33%
Ta
33%
T’as
33%
Tout
33%
Va
33%
Ailleurs
27%
Aimés
27%
Ane
27%
Be-her
27%
Bénabar
27%
Bien
27%
Bonheur
27%
Bout
27%
Chambre
27%
Château
27%
Corse
27%
D’chemin
27%
Deux trois
27%
D’faire
27%
Dix ans
27%
D’terrain
27%
Enculés
27%
Ensemble
27%
Environs
27%
Famille
27%
Galériens
27%
J’aime
27%
J’crois
27%
J’ferais
27%
J’finirais
27%
J’m’endors
27%
Joué
27%
J’profite
27%
J’sais
27%
J’suis
27%
J’traine
27%
Le P le L
27%
Mal
27%
Mets
27%
M’faudrait
27%
Monde
27%
Quartier
27%
Qu’il
27%
Raclis
27%
Refrains
27%
Revu
27%
Route
27%
S’croiser
27%
Stade de France
27%
Stop
27%
T’évader
27%
Théières
27%
Tour
27%
VAR
27%
Veut
27%
Vieux
27%
Voir
27%
Vue
27%
Appris
20%
Au resto
20%
Aux
20%
Billet
20%
Bouffe
20%
Chacun
20%
Clic clac
20%
Club
20%
Coffré
20%
Coincés
20%
Colle
20%
Condés
20%
D’ceux
20%
D’frozen
20%
Dire
20%
Dites
20%
D’lâcher
20%
D’nous
20%
D’temps
20%
Du mal
20%
Énervé
20%
Facile
20%
Faudrait
20%
Fleurs
20%
Foule
20%
Fred Astaire
20%
Gens
20%
Gros
20%
J’aurais
20%
J’avais
20%
J’dis
20%
J’doute
20%
J’fais
20%
J’mettrais
20%
Kiffer
20%
L’alcool
20%
La musique
20%
La sieste
20%
Les choses
20%
Les vacances
20%
L’monde
20%
Ma caisse
20%
Ma pièce
20%
Ma veste
20%
M’écœurent
20%
Méfie
20%
Meilleure
20%
Menteurs
20%
Mienne
20%
M’lancent
20%
Mon son
20%
On parle
20%
Par là
20%
Parler
20%
Perdu
20%
Peurs
20%
Poto
20%
Puis
20%
Punta Cana
20%
Qu’avec
20%
Qu’j’prends
20%
Qu’la
20%
Rapper
20%
Reste
20%
Rien
20%
Rott
20%
Sacs
20%
S’éloigne
20%
Sera
20%
Serein
20%
Sinon
20%
Slalomer
20%
Tous
20%
Tousser
20%
Tuent
20%
Un peu
20%
Un waze
20%
Du son
13%
J’parais
13%
L’teushi
7%
Aucun quiz correspondant
Distribution des résultats
% des personnes avec chaque résultat
Percentile par nombre de réponses
Votre historique - résultats
Vous n’avez pas pris ce quiz